<?xml version="1.0" encoding="UTF-8"?>
<record
    xmlns:xsi="http://www.w3.org/2001/XMLSchema-instance"
    xsi:schemaLocation="http://www.loc.gov/MARC21/slim http://www.loc.gov/standards/marcxml/schema/MARC21slim.xsd"
    xmlns="http://www.loc.gov/MARC21/slim">

  <leader>04434nam a2200373 a 4500</leader>
  <controlfield tag="003">CHAP</controlfield>
  <controlfield tag="005">20250804125727.0</controlfield>
  <controlfield tag="007">ta</controlfield>
  <controlfield tag="008">220117s2022xx  mx ado fr 000 0 1n0 spa d</controlfield>
  <datafield tag="040" ind1=" " ind2=" ">
    <subfield code="a">mxchpua</subfield>
    <subfield code="c">CHAP</subfield>
    <subfield code="e">rda</subfield>
  </datafield>
  <datafield tag="041" ind1=" " ind2=" ">
    <subfield code="a">spa</subfield>
    <subfield code="b">spa</subfield>
    <subfield code="f">spa</subfield>
    <subfield code="h">spa</subfield>
  </datafield>
  <datafield tag="050" ind1="0" ind2=" ">
    <subfield code="a">TP370</subfield>
    <subfield code="b">.M46 2022</subfield>
  </datafield>
  <datafield tag="082" ind1=" " ind2=" ">
    <subfield code="2">20</subfield>
    <subfield code="a">C 338.1</subfield>
    <subfield code="b">M46 2022</subfield>
  </datafield>
  <datafield tag="245" ind1="1" ind2="0">
    <subfield code="a">Memoria del evento :</subfield>
    <subfield code="b">Rumbo a la actualizaci&#xF3;n del Plan de Estudios de Ingenier&#xED;a Agroindustrial /</subfield>
    <subfield code="c">compiladores Abraham Villegas de Gante, V&#xED;ctor Rivera Salvador y Nancy Toriz Robles</subfield>
  </datafield>
  <datafield tag="250" ind1=" " ind2=" ">
    <subfield code="a">1a edici&#xF3;n</subfield>
  </datafield>
  <datafield tag="264" ind1=" " ind2=" ">
    <subfield code="a">Chapingo, M&#xE9;xico :</subfield>
    <subfield code="b">UACh. Departamento de Ingenier&#xED;a Agroindustrial,</subfield>
    <subfield code="c">2022</subfield>
  </datafield>
  <datafield tag="300" ind1=" " ind2=" ">
    <subfield code="a">146 p&#xE1;ginas :</subfield>
    <subfield code="b">ilustraciones, gr&#xE1;ficas, diagramas, tablas y fotos</subfield>
  </datafield>
  <datafield tag="336" ind1=" " ind2=" ">
    <subfield code="2">rdacontent</subfield>
    <subfield code="a">texto</subfield>
    <subfield code="b">txt</subfield>
  </datafield>
  <datafield tag="337" ind1=" " ind2=" ">
    <subfield code="2">rdamedia</subfield>
    <subfield code="a">no mediado</subfield>
    <subfield code="b">n</subfield>
  </datafield>
  <datafield tag="338" ind1=" " ind2=" ">
    <subfield code="2">rdacarrier</subfield>
    <subfield code="a">volumen</subfield>
    <subfield code="b">nc</subfield>
  </datafield>
  <datafield tag="504" ind1=" " ind2=" ">
    <subfield code="a">Incluye bibliograf&#xED;as</subfield>
  </datafield>
  <datafield tag="505" ind1="0" ind2=" ">
    <subfield code="a">Programa de trabajo --
1. Conferencias magistrales --
2. Presentaci&#xF3;n de art&#xED;culos especializados --
3. Cierre del evento
Ep&#xED;logo
Anexos</subfield>
  </datafield>
  <datafield tag="520" ind1="2" ind2=" ">
    <subfield code="a">Ante la urgente necesidad de revisar y actualizar el Agroindustrial para reemplazar Curr&#xED;culo del Departamento al curriculo vigente del Programa de la formaci&#xF3;n de los estudiantes desde hace 1999, se consider&#xF3; de Ingenieria Carrera que ha guiado la pertinente y urgente, realizar un evento colectivo, con intensa participaci&#xF3;n de los Profesores del DIA, principalmente de los que integran la Comisi&#xF3;n Curricular, para retomar el trabajo colegiado que se realiza desde hace m&#xE1;s de una d&#xE9;cada, con un nuevo dise&#xF1;o curricular el cual integra innovaciones y avances en su estructuraci&#xF3;n (m&#xE1;s de un 30%), con respecto al Plan de Estudios actual. De esta manera, durante la semana de actualizaci&#xF3;n del personal acad&#xE9;mico, previa al in. de un nuevo semestre lectivo, se organiz&#xF3; el evento "RUMBO A LA ACTUALIZACI&#xD3;N DEL PLAN DE ESTUDIOS DE LA CARRERA DE INGENIER&#xCD;A AGROINDUSTRIAL", en el per&#xED;odo del 26 al 20 de julio del 2022. Su contenido comprendi&#xF3; tres partes principales: 
1) Una conferencia magistral (videograbada) de un Asesor de la Secretaria de Educaci&#xF3;n P&#xFA;blica (SEP) (el Dr. Angel Diaz Barriga) quien expuso los retos del magisterio de educaci&#xF3;n b&#xE1;sica frente al Nuevo Curr&#xED;culo de la Escuela Mexicana en 2022. La rica informaci&#xF3;n vertida en esta Conferencia es muy relevante, pues el modelo curricular nacional sin duda influir&#xE1;, por su concepci&#xF3;n y operaci&#xF3;n, en otros niveles de la educaci&#xF3;n nacional, como en la educaci&#xF3;n media y superior (incluidas las Universidades; la de Chapingo, entre ellas). 
2) Cinco conferencias magistrales impartidas por expertos externos: una sobre perspectivas curriculares en Educaci&#xF3;n Superior frente a la formaci&#xF3;n profesional actual (por la Dra. Gabriela de la Cruz F., de la UNAM): otra sobre los retos de la Educaci&#xF3;n Superior (de la Dra. Frida D&#xED;az Barriga, de la UNAM) y la tercera, que Compara el enfoque de competencias y objetivos (sostenida por la Mtra. Abigal Valderrama S., de la UPN/BUAP), Las otras dos presentaciones las sustento el Daniel Vega M. (una sobre Evaluaci&#xF3;n del Curr&#xED;culo de la Carrera de Ingenier&#xED;a Agroindustrial de la UACh, y la otra sobre el proceso de Acreditaci&#xF3;n del Din Curriculo). 
3) Con base en una serie de articulos especializados en el tema educativo, particularmente sobre el significado de curr&#xED;culo, el enfoque basado en competencias (EBC), el dise&#xF1;o y estructuraci&#xF3;n curricular, la evaluaci&#xF3;n de la educaci&#xF3;n superior en M&#xE9;xico, y nuevoS enfoques curriculares, se seleccionaron 13 art&#xED;culos, que fueron expuestos (como una presentaci&#xF3;n concisa) por 11 profesores del Programa de Ingenier&#xED;a Agroindustrial.</subfield>
  </datafield>
  <datafield tag="650" ind1="1" ind2="3">
    <subfield code="a">Educaci&#xF3;n superior</subfield>
    <subfield code="x">Planes de estudio</subfield>
    <subfield code="2">atg</subfield>
    <subfield code="9">35650</subfield>
    <subfield code="z">M&#xE9;xico</subfield>
    <subfield code="z">Chapingo</subfield>
  </datafield>
  <datafield tag="650" ind1="1" ind2="3">
    <subfield code="a">Universidades agr&#xED;colas</subfield>
    <subfield code="x">Planes de estudio</subfield>
    <subfield code="z">M&#xE9;xico  </subfield>
    <subfield code="z">Chapingo</subfield>
    <subfield code="2">atg</subfield>
    <subfield code="9">160796</subfield>
  </datafield>
  <datafield tag="650" ind1="1" ind2="3">
    <subfield code="a">Programas universitarios  </subfield>
    <subfield code="x">Ingenier&#xED;a Agroindustrial</subfield>
    <subfield code="2">atg</subfield>
    <subfield code="9">156468</subfield>
  </datafield>
  <datafield tag="650" ind1="1" ind2="3">
    <subfield code="a">Higher education  </subfield>
    <subfield code="x">Curriculum</subfield>
    <subfield code="2">atg</subfield>
    <subfield code="9">157820</subfield>
    <subfield code="z">Mexico</subfield>
    <subfield code="z">Chapingo</subfield>
  </datafield>
  <datafield tag="650" ind1="1" ind2="3">
    <subfield code="a">Agricultural universities</subfield>
    <subfield code="x">Curriculum</subfield>
    <subfield code="2">atg</subfield>
    <subfield code="9">190817</subfield>
    <subfield code="z">Mexico</subfield>
    <subfield code="z">Chapingo</subfield>
  </datafield>
  <datafield tag="650" ind1="1" ind2="3">
    <subfield code="a">University programs</subfield>
    <subfield code="x">Agroindustrial engineering</subfield>
    <subfield code="2">atg</subfield>
    <subfield code="9">156469</subfield>
  </datafield>
  <datafield tag="700" ind1="1" ind2=" ">
    <subfield code="a">Villegas de Gante, Abraham Zacarias</subfield>
    <subfield code="9">185141</subfield>
    <subfield code="e">compilador</subfield>
  </datafield>
  <datafield tag="700" ind1="1" ind2=" ">
    <subfield code="a">Rivera Salvador, V&#xED;ctor</subfield>
    <subfield code="9">152488</subfield>
    <subfield code="e">compilador</subfield>
  </datafield>
  <datafield tag="700" ind1="1" ind2=" ">
    <subfield code="a">Toriz Robles, Nancy</subfield>
    <subfield code="9">113948</subfield>
    <subfield code="e">compiladora</subfield>
  </datafield>
  <datafield tag="942" ind1=" " ind2=" ">
    <subfield code="c">LIBRO</subfield>
    <subfield code="2">ddc</subfield>
  </datafield>
  <datafield tag="999" ind1=" " ind2=" ">
    <subfield code="c">186484</subfield>
    <subfield code="d">186484</subfield>
  </datafield>
  <datafield tag="952" ind1=" " ind2=" ">
    <subfield code="0">0</subfield>
    <subfield code="1">0</subfield>
    <subfield code="2">ddc</subfield>
    <subfield code="4">0</subfield>
    <subfield code="5">1</subfield>
    <subfield code="7">0</subfield>
    <subfield code="8">C</subfield>
    <subfield code="a">IA_</subfield>
    <subfield code="b">IA_</subfield>
    <subfield code="d">2025-07-29</subfield>
    <subfield code="e">Donaci&#xF3;n</subfield>
    <subfield code="i">Donaci&#xF3;n</subfield>
    <subfield code="l">0</subfield>
    <subfield code="o">C 338.1 M46 2022</subfield>
    <subfield code="p">1103015699</subfield>
    <subfield code="r">2025-08-04 13:54:43</subfield>
    <subfield code="t">Ej. 1</subfield>
    <subfield code="w">2025-08-04</subfield>
    <subfield code="y">LIBRO</subfield>
  </datafield>
  <datafield tag="952" ind1=" " ind2=" ">
    <subfield code="0">0</subfield>
    <subfield code="1">0</subfield>
    <subfield code="2">ddc</subfield>
    <subfield code="4">0</subfield>
    <subfield code="5">1</subfield>
    <subfield code="7">0</subfield>
    <subfield code="8">C</subfield>
    <subfield code="a">IA_</subfield>
    <subfield code="b">IA_</subfield>
    <subfield code="d">2025-07-29</subfield>
    <subfield code="e">Donaci&#xF3;n</subfield>
    <subfield code="i">Donaci&#xF3;n</subfield>
    <subfield code="l">0</subfield>
    <subfield code="o">C 338.1 M46 2022</subfield>
    <subfield code="p">1103015700</subfield>
    <subfield code="r">2025-08-04 13:54:43</subfield>
    <subfield code="t">Ej. 2</subfield>
    <subfield code="w">2025-08-04</subfield>
    <subfield code="y">CD</subfield>
  </datafield>
</record>
